| 000 | 00676nam a2200217 a 4500 | ||
|---|---|---|---|
| 999 |
_c2608 _d2608 |
||
| 001 | 2608 | ||
| 003 | BD-JhCC | ||
| 005 | 20171105115859.0 | ||
| 008 | 171105s bg |||| ||a| 000 0 ben d | ||
| 035 | _a(BD-JhCC)2608 | ||
| 040 |
_aBD-JhCC _dBD-JhCC |
||
| 041 | _aben | ||
| 082 |
_a891.4409 _bBHA |
||
| 100 | _aভট্টাচার্য, শ্রীবিজনবিহারী | ||
| 245 |
_aসমীক্ষা / _cশ্রীবিজনবিহারী ভট্টাচার্য |
||
| 260 |
_aকলকাতা : _bমিত্র ও ঘোষ, |
||
| 300 |
_a228 p. : _c22 cm. |
||
| 650 | _aBengali Literature | ||
| 942 |
_2ddc _cBK |
||